Participation communautaire aux programmes de santé maternelle et infantile planification familiale

Wedi'i Gadw mewn:
Manylion Llyfryddiaeth
Prif Awdur: Susan B Rifkin
Fformat: Llyfr
Iaith:Undetermined
Cyhoeddwyd: Genève OMS 1990
Pynciau:
Tagiau: Ychwanegu Tag
Dim Tagiau, Byddwch y cyntaf i dagio'r cofnod hwn!
Thư viện lưu trữ: Trung tâm Học liệu Trường Đại học Cần Thơ
LEADER 00565nam a2200181Ia 4500
001 CTU_7259
008 210402s9999 xx 000 0 und d
082 |a 613 
082 |b R564 
100 |a Susan B Rifkin 
245 0 |a Participation communautaire aux programmes de santé maternelle et infantile planification familiale 
245 0 |c Susan B Rifkin 
260 |a Genève 
260 |b OMS 
260 |c 1990 
650 |a birth control,public health 
904 |i Nguyễn Quang Điền, 960601 
980 |a Trung tâm Học liệu Trường Đại học Cần Thơ